Welcome to CU Library Online Public Access Catalogue (OPAC)

Managing risk in international business : (Record no. 8833)

MARC details
000 -LEADER
fixed length control field 01105cam a2200301 a 4500
001 - CONTROL NUMBER
control field 3526272
003 - CONTROL NUMBER IDENTIFIER
control field cuc123
005 - DATE AND TIME OF LATEST TRANSACTION
control field 20260225112833.0
008 - FIXED-LENGTH DATA ELEMENTS--GENERAL INFORMATION
fixed length control field 960916s1996 enka b 001 0 eng
010 ## - LIBRARY OF CONGRESS CONTROL NUMBER
LC control number 96038876
020 ## - INTERNATIONAL STANDARD BOOK NUMBER
International Standard Book Number 0412597209
040 ## - CATALOGING SOURCE
Original cataloging agency DLC
Transcribing agency DLC
Modifying agency DLC
050 00 - LIBRARY OF CONGRESS CALL NUMBER
Classification number HG4027.5
Item number .C584 1996
082 00 - DEWEY DECIMAL CLASSIFICATION NUMBER
Classification number 658.15/5
Edition information 20
100 1# - MAIN ENTRY--PERSONAL NAME
Personal name Clark, Ephraim
Titles and words associated with a name (Professor)
245 10 - TITLE STATEMENT
Title Managing risk in international business :
Remainder of title techniques and applications /
Statement of responsibility, etc. Ephraim Clark and Bernard Marois.
250 ## - EDITION STATEMENT
Edition statement 1st ed.
260 ## - PUBLICATION, DISTRIBUTION, ETC.
Place of publication, distribution, etc. London ;
-- Boston :
Name of publisher, distributor, etc. International Thomson Business Press,
Date of publication, distribution, etc. 1996.
300 ## - PHYSICAL DESCRIPTION
Extent xi, 376 p. :
Other physical details ill. ;
Dimensions 24 cm.
504 ## - BIBLIOGRAPHY, ETC. NOTE
Bibliography, etc. note Includes bibliographical references (p. [345]-356) and index.
650 #0 - SUBJECT ADDED ENTRY--TOPICAL TERM
Topical term or geographic name entry element International business enterprises
General subdivision Finance.
650 #0 - SUBJECT ADDED ENTRY--TOPICAL TERM
Topical term or geographic name entry element Investments, Foreign.
650 #0 - SUBJECT ADDED ENTRY--TOPICAL TERM
Topical term or geographic name entry element Country risk.
700 1# - ADDED ENTRY--PERSONAL NAME
Personal name Marois, Bernard.
906 ## - LOCAL DATA ELEMENT F, LDF (RLIN)
a 7
b cbc
c orignew
d 1
e ocip
f 19
g y-gencatlg
942 ## - ADDED ENTRY ELEMENTS (KOHA)
Source of classification or shelving scheme Library of Congress Classification
Koha item type Books
Suppress in OPAC No
Holdings
Withdrawn status Lost status Source of classification or shelving scheme Damaged status Not for loan Collection Home library Current library Shelving location Date acquired Total checkouts Full call number Barcode Date last seen Copy number Price effective from Koha item type
    Library of Congress Classification     Non-fiction Graduate Library (Christ Temple) Graduate Library (Christ Temple) General stacks 02/25/2026   HG 4027.5 CIA GSCT00002925 02/25/2026 1 02/25/2026 Books
© 2023-2024 Copyright: Central University Libraries. All Rights Reserved | Created by: Mahone Tech Office